000
00206 a2200097 4500
001
1113
100
_a
Dragoo,A.W
245
_a
Engineering electromagnetics
260
_a
_b
Mcgrawhill
_c
090
_c
677
_d
677
942
_a
NUST-CAE
_c
M
_c
33344
999
_c
236186
_d
236186